| 000 | 01265nam0a2200289 4500 | ||
|---|---|---|---|
| 001 | RU\NLR\bibl\1243796 | ||
| 005 | 20260406135045.0 | ||
| 010 |
_a978-5-465-00357-5 _910000 |
||
| 021 |
_aRU _b2008-31934 _91764 |
||
| 035 | _a(NLR Aleph) 001229959 | ||
| 090 |
_a192107 _c192107 |
||
| 100 | _a20080623d2004 |||y0rusy50 ca | ||
| 101 | 0 | _arus | |
| 102 | _aRU | ||
| 105 | _aa ||||||||| | ||
| 200 | 1 |
_aПриключения кота Леопольда _iСила притяжения _eс наклейками _e[для чтения взрослыми детям] _fАнатолий Резников _g[рис. авт.] |
|
| 210 |
_aРеутов _cОмега _aМосква _cОмега-Пресс _d2008 |
||
| 215 |
_a[8] с., [2] л. цв. наклеек _cцв. ил. _d24 |
||
| 225 | 1 | _aДля самых маленьких | |
| 700 | 1 |
_4070 _8rus _7ca _aРезников _bА. И. _f1940- _gАнатолий Израилович _3RU\NLR\AUTH\772581 _9112591 |
|
| 702 | 1 |
_4440 _8rus _7ca _aМартынов _bА. Ф. _cпедагог, писатель _f1823-1906 _gАлександр Федорович _3RU\NLR\AUTH\7773428 _956356 |
|
| 801 | 0 |
_aRU _bNLR _c20080623 _gRCR |
|
| 801 | 1 |
_aRU _bNLR _c20080623 |
|
| 942 | _cBOOK | ||
| 980 | _aNB | ||